000 00299nam a22001337a 4500
008 170529b xxu||||| |||| 00| 0 eng d
020 _a2900073136195
041 _aeng
080 _26TH
_a94
100 _a16
101 _aSHH
245 _aTHE WESTERN HUMANITIES
_cMATTHEWS,R.T
942 _2udc
_cBK
999 _c14928
_d14928